000 00925nam a2200289Ia 4500
001 Z_4701
003 CHAP
008 220113s1987 xx 000 0 und d
010 _a163628
040 _cCHAP
082 _a633.2 R43
100 _aRed Internacional de Evaluación de Pastos Tropicales. Reunión del Comité Asesor (5: 1987: Chiriquí, Panamá)
_9137794
245 _aLa investigación en pastos dentro del contexto científico y socioeconómico de los paises /
_cpor CIAT
260 _aDavid Chiriquí, Panamá :
_bEl Comité,
_c1987
300 _a371 p.
440 _a
500 _aFotocopía
503 _a
650 _aPastizales
_xCongresos I. Centro Internacional de Agricultura Tropical, Colombia III. Evaluación de pastos tropicales
_9137795
650 _aPastos
_xTrópicos
_986085
901 _a633.2 R43
902 _aA
910 _a1987
942 _c1
942 _cc1
999 _c163628
_d163628